Most Spoken Languages - Statistics

General Stats
  • This quiz has been taken 67 times
  • The average score is 38 of 100
Answer Stats
Language % Correct
English
100%
French
100%
Mandarin/ Chinese
100%
Spanish
100%
Russian
98%
German
95%
Italian
95%
Portuguese
93%
Hindi
88%
Japanese
86%
Dutch
85%
Polish
85%
Turkish
85%
Filipino
81%
Tagalog
81%
Korean
80%
Swedish
80%
Bengali
76%
Greek
76%
Thai
75%
Ukrainian
75%
Vietnamese
75%
Malay
73%
Urdu
73%
Tamil
71%
Czech
68%
Romanian
64%
Hungarian
61%
Indonesian
59%
Swahili
58%
Burmese
56%
Khmer
56%
Kazakh
54%
Zulu
54%
Egyptian Arabic
49%
Wu
49%
Igbo
46%
Marathi
44%
Nepali
44%
Southern Min/Minnan/Banlam(Chinese)
44%
Amharic
42%
Gujarati
41%
Somali
41%
Yoruba
41%
Javanese
37%
Telugu
37%
Xhosa
37%
Eastern Punjabi
36%
Afrikaans
34%
Kannada
34%
Western Punjabi
34%
Hausa
31%
Odia
29%
Sindhi
29%
Sudanese Arabic
29%
Moroccan Arabic
27%
Sinhala
27%
Algerian Arabic
24%
Malayalam
22%
Assamese
20%
Sunda
20%
Bavarian
17%
Cebuano
17%
Iranian Persian
14%
Kinyarwanda
10%
Bhojpuri
8%
Deccan
8%
Northern Sotho
8%
Xiang(Chinese)
7%
Yue(Chinese)
7%
Arabic(Standard)
5%
Chittagonian
5%
Gan(Chinese)
5%
Hakka(Chinese)
5%
Maithili
5%
Northern Uzbek
5%
Saraiki
5%
Sylheti
5%
Chhattisgarhi
3%
Mesopotamian Arabic
3%
South Azerbaijani
3%
Magahi
2%
Nigerian Fulfulde
2%
Northern Kurdish
2%
North Levantine Arabic
2%
Sa'idi Arabic
2%
Sanaani Spoken Arabic
2%
Setswana
2%
South Levantine Arabic
2%
Bamanankan
0%
Cameroonian Pidgin
0%
Hijazi Spoken Arabic
0%
Jinyu(Chinese)
0%
Jula
0%
Nigerian Pidgin
0%
Northern Pasto
0%
Northern Thai
0%
Sadri
0%
Souther Sotho
0%
Tunisian Spoken Arabic
0%
No matching quizzes found
Score Distribution
Percent of People with Each Score
Percentile by Number Answered
Your Score History
You have not taken this quiz